000 00520nam a2200205Ia 4500
003 OSt
005 20251111141853.0
008 250729s2006 xx 000 0 und d
020 _a9789383427338
040 _cAL
041 _aeng
082 _a372.8 APPH
100 _aAppaiah Parvathy
_9224239
245 _aHuman rights,gender,equity & environment studies
260 _aMangalore
_c2006
300 _a232p
650 _aEnvironmentEducation
_9224240
700 _aRao Shankar C N
_9224241
942 _2ddc
_cBED
999 _c236311
_d236311